| 000 | 00752cam a2200229 4500 | ||
|---|---|---|---|
| 001 | B577 | ||
| 008 | 090401t1976 xxu||||| |||| 00| 0 eng d | ||
| 035 | _a(Sirsi) u36618 | ||
| 041 | _aeng | ||
| 050 | _a692.9 | ||
| 110 |
_aRoyal Institute of British Architects _92527 |
||
| 245 | _aStandard form of tender for nominated sub-contractors for use in connection with the Standard (RIBA) Forms of (Main) Building Contract 1963 edition | ||
| 260 |
_aLondon _bRIBA Publications _c1976 |
||
| 300 | _a6 leaves ; 30cm. | ||
| 350 | _a0 | ||
| 520 | _aPhotocopy. | ||
| 650 | _aBUILT ENVIRONMENT-BUILDING CONTRACT FORMS | ||
| 650 | _aJCT STANDARD FORM OF BUILDING CONTRACT (1963 EDITION) | ||
| 650 | _aSUBCONTRACTORS | ||
| 942 | _n0 | ||
| 948 | _c04/03/1997 | ||
| 999 |
_c90350 _d90350 |
||